| 000 | 00599nam a22001937a 4500 | ||
|---|---|---|---|
| 999 |
_c159391 _d159391 |
||
| 005 | 20181215150352.0 | ||
| 010 | _aENG-124549 | ||
| 020 |
_a9789385289231 _c995.00 |
||
| 035 | _aEN-108081 | ||
| 037 | _bDBAD/PUB | ||
| 082 | _a220 | ||
| 100 | _aKrishna Kumri | ||
| 245 |
_aThe wisdom of india/ _cby Krishna kumari |
||
| 260 |
_aNew Delhi _bSolar Books _c2017 |
||
| 270 |
_a4239A/1, Veer Sadan, Ansari Road (Behind Delhi Hospital) Darya Ganj, _bNew Delhi _e110002 |
||
| 300 |
_a316p. _c24cm.(Hb) |
||
| 500 | _aIt includes bibliography and index | ||
| 942 |
_2ddc _cEN _mKRI _h220 |
||